El cultivo de hongos comestibles como una alternativa de biotecnología integral : (Record no. 217400)
[ view plain ]
| 000 -CABECERA | |
|---|---|
| campo de control de longitud fija | 01044 a2200229 4500 |
| 003 - IDENTIFICADOR DEL NÚMERO DE CONTROL | |
| campo de control | OSt |
| 005 - FECHA Y HORA DE LA ÚLTIMA TRANSACCIÓN | |
| campo de control | 20230331134951.0 |
| 008 - DATOS DE LONGITUD FIJA--INFORMACIÓN GENERAL | |
| campo de control de longitud fija | 220728s2011 mx a||||r|||| 00| 0 spa d |
| 020 ## - NÚMERO INTERNACIONAL ESTÁNDAR DEL LIBRO | |
| Número Internacional Estándar del Libro | 9786074024258 |
| 040 ## - FUENTE DE LA CATALOGACIÓN | |
| Centro/agencia transcriptor | CHAP |
| 082 00 - NÚMERO DE LA CLASIFICACIÓN DECIMAL DEWEY | |
| Número de clasificación | 635.8 |
| Número de documento/Ítem | G64 |
| Número de edición | 22 |
| 100 1# - ENTRADA PRINCIPAL--NOMBRE DE PERSONA | |
| 9 (RLIN) | 186570 |
| Nombre de persona | Esparza Martínez, Víctor Manuel |
| 245 13 - MENCIÓN DE TÍTULO | |
| Título | El cultivo de hongos comestibles como una alternativa de biotecnología integral : |
| Resto del título | manual : transferencia de tecnologías alternativas en la producción, transformación y comercialización rural y urbana del hongo Pleurotus ostreatus. Jacq. Fr. Kumm / |
| Mención de responsabilidad, etc. | por Víctor Manuel Esparza Martínez y Rodolfo de la Torre Almaraz |
| 264 #1 - PRODUCCIÓN, PUBLICACIÓN, DISTRIBUCIÓN, FABRICACIÓN Y COPYRIGHT | |
| Producción, publicación, distribución, fabricación y copyright | México, D. F. : |
| Nombre del de productor, editor, distribuidor, fabricante | Universidad Autónoma de México. FES Iztacala : |
| -- | Plaza y Valdés, |
| Fecha de producción, publicación, distribución, fabricación o copyright | 2011. |
| 300 ## - DESCRIPCIÓN FÍSICA | |
| Extensión | 78 páginas. |
| Otras características físicas | fotografías. |
| 504 ## - NOTA DE BIBLIOGRAFÍA, ETC. | |
| Nota de bibliografía, etc. | Incluye referencias. |
| 650 #2 - PUNTO DE ACCESO ADICIONAL DE MATERIA--TÉRMINO DE MATERIA | |
| 9 (RLIN) | 147114 |
| Término de materia o nombre geográfico como elemento de entrada | Setas comestibles |
| 650 #2 - PUNTO DE ACCESO ADICIONAL DE MATERIA--TÉRMINO DE MATERIA | |
| 9 (RLIN) | 127451 |
| Término de materia o nombre geográfico como elemento de entrada | Hongos comestibles |
| Subdivisión general | Cultivo |
| 650 #7 - PUNTO DE ACCESO ADICIONAL DE MATERIA--TÉRMINO DE MATERIA | |
| 9 (RLIN) | 56105 |
| Término de materia o nombre geográfico como elemento de entrada | Hongos |
| Subdivisión general | Identificación |
| 700 1# - PUNTO DE ACCESO ADICIONAL--NOMBRE DE PERSONA | |
| 9 (RLIN) | 171301 |
| Nombre de persona | Torres Almaraz, Rodolfo de la |
| 942 ## - ELEMENTOS DE PUNTO DE ACCESO ADICIONAL (KOHA) | |
| Fuente del sistema de clasificación o colocación | Dewey Decimal Classification |
| Tipo de ítem Koha | Libro |
| Estado de retiro | Estado de pérdida | Fuente del sistema de clasificación o colocación | Estado dañado | Restricciones de uso | No para préstamo | Código de colección | Localización permanente | Ubicación/localización actual | Ubicación en estantería | Fecha de adquisición | Total de préstamos | Signatura topográfica completa | Código de barras | Fecha visto por última vez | Precio válido a partir de | Tipo de ítem Koha | Número de copia |
|---|---|---|---|---|---|---|---|---|---|---|---|---|---|---|---|---|---|
| Dewey Decimal Classification | Préstamo interno | Consulta | Biblioteca Central | Biblioteca Central | Planta alta - Coleción Consulta | 28/03/2023 | 635.8 G64 | 33724002571702 | 28/03/2023 | 28/03/2023 | Libro | ||||||
| Dewey Decimal Classification | Préstamo interno | Consulta | Biblioteca Central | Biblioteca Central | Planta principal - Colección General | 28/03/2023 | 635.8 G64 | 33724002571660 | 28/03/2023 | 28/03/2023 | Libro | c.2 |
